| 000 | 01282nam a22002411a 4500 | ||
|---|---|---|---|
| 999 |
_c19224 _d19224 |
||
| 001 | 19224 | ||
| 003 | OSt | ||
| 005 | 20260204212445.0 | ||
| 008 | 190330s2019||||dr ||||||b||||||||||spa|| | ||
| 090 | _aESP-QUI 2019 B67 | ||
| 100 | 1 |
_aBrogen Hilario, María Magdalena _esustentante |
|
| 245 | 1 | _aPlan de intervención para la elaboración de recursos de aprendizaje con materiales del medio en apoyo al proceso enseñanza aprendizaje de la Química en el Liceo Francisco Henríquez y Carvajal, Distrito 16-01 / María Magdalena Borgen Hilario, Rockilania Belén Belén, Glendy Margarita Cruz López ; asesor Marién Emilio Acosta | |
| 260 |
_aCotuí, Republica Dominicana : _bUTECO, _c2019 |
||
| 300 | _aIV, 39 hojas : | ||
| 502 | _aTesis (Especialidad en Química con Orientación a la Enseñanza)--Universidad Tecnológica del Cibao Oriental, 2019 | ||
| 504 | _aIncluye referencia bibliográfica e índice | ||
| 650 | 4 | _aRecursos de aprendizaje--Especialidad en Química con Orientación a la Enseñanza | |
| 700 | 1 |
_aBelén Belén, Rockilania _esustentante |
|
| 700 | 1 |
_aCruz López, Glendy Margarita _esustentante |
|
| 700 | 1 |
_aAcosta, Marien Emilio _easesor |
|
| 830 | _aTesis y disertaciones académicas (Universidad Tecnológica del Cibao Oriental) | ||
| 942 |
_2LC _cTH |
||